000 00773nam a22002297a 4500
010 _aA-943632
035 _aA-943632
040 _aDPL
_bEN
082 _2144
_bFAC
245 _aFacets of humanism
_bedited by P. K. Mohapatra, T. Patnaik [and] S. K. Mohanty
260 _aBhubneswar
_bDepartment of Special Assistance in Philosophy
_c1999
270 _aDecent Books, D-36/A-1 Mohan Gardan
_bNajafgarh Road, New Delhi
_e110059
300 _a190p(Hb)
_b24cm
490 _aUtkal studies in philosophy, v.6.
650 _aHumanism
_934583
650 _aPhilosophy.
_9110999
700 _aMohapatra, P. K.
_9111000
700 _aPatnaik, T.
_913801
700 _aMohanty, S. K.
_9111001
710 _aPatnaik, T.
_913801
942 _2ddc
_cEN
_h144
_mFAC
999 _c136128
_d136128